Basic marketing :a global-managerial approach. / (Record no. 929)
[ view plain ]
| 000 -LEADER | |
|---|---|
| fixed length control field | 02341cam a22002894a 4500 |
| 001 - CONTROL NUMBER | |
| control field | 12556934 |
| 005 - DATE AND TIME OF LATEST TRANSACTION | |
| control field | 20210414113942.0 |
| 008 - FIXED-LENGTH DATA ELEMENTS--GENERAL INFORMATION | |
| fixed length control field | 011005s2002 mauab b 001 0 eng |
| 020 ## - INTERNATIONAL STANDARD BOOK NUMBER | |
| International Standard Book Number | 0072409479 (alk. paper) |
| 040 ## - CATALOGING SOURCE | |
| Original cataloging agency | DLC |
| Transcribing agency | DLC |
| Modifying agency | DLC |
| 050 00 - LIBRARY OF CONGRESS CALL NUMBER | |
| Classification number | HF5415.13.M369 |
| 100 1# - MAIN ENTRY--PERSONAL NAME | |
| Personal name | Perreault, William D. |
| 245 10 - TITLE STATEMENT | |
| Title | Basic marketing :a global-managerial approach. / |
| Statement of responsibility, etc. | William D. Perreault, Jr., and E. Jerome McCarthy. |
| 250 ## - EDITION STATEMENT | |
| Edition statement | 14th ed. |
| 260 ## - PUBLICATION, DISTRIBUTION, ETC. | |
| Place of publication, distribution, etc. | Boston : |
| Name of publisher, distributor, etc. | McGraw-Hill, |
| Date of publication, distribution, etc. | c2002. |
| 300 ## - PHYSICAL DESCRIPTION | |
| Extent | xxxii, 815 [28] p. : |
| Other physical details | col. ill., maps ; |
| Dimensions | 28 cm. |
| 440 #0 - SERIES STATEMENT/ADDED ENTRY--TITLE | |
| Title | McGraw-Hill/Irwin series in marketing |
| 500 ## - GENERAL NOTE | |
| General note | A variety of multi-media instructional aids, including a Web site, are available to support the text. |
| 500 ## - GENERAL NOTE | |
| General note | Includes bibiliographical references (p. 754-810) and indexes. |
| 505 ## - FORMATTED CONTENTS NOTE | |
| Formatted contents note | Contents: Marketing's role in the global economy -- Marketing's role within the firm or nonprofit organization -- Focusing marketing strategy with segmentation and positioning -- Evaluating opportunities in the changing marketing environment -- Demographic dimensions of global consumer markets -- Behavioural dimensions of the consumer market -- Business and organizational customer and their buying behaviour -- Improving decisions with marketing information -- Elements of product planning for goods and services -- Product management and new-product development -- Place and development of channel systems -- Distribution customer service and logistics -- Retailers, whoesalers, and their strategy planning -- Promotion-introduction to integrated marketing communications -- Personal selling -- Advertising and sales promotion -- Pricing objectives and policies -- Price setting in the business world -- Implementing and controlling marketing plans: evolution and revolution -- Managing marketing's link with other functional areas -- Developing innovative marketing plans -- Ethical marketing in a consumer-oriented world: appraisal and challenges. |
| 538 ## - SYSTEM DETAILS NOTE | |
| System details note | System requirements for accompanying computer laser disk: Windows 95 or higher Pentium. |
| 650 #0 - SUBJECT ADDED ENTRY--TOPICAL TERM | |
| Topical term or geographic name entry element | Marketing |
| General subdivision | Management. |
| 700 1# - ADDED ENTRY--PERSONAL NAME | |
| Personal name | McCarthy, E. Jerome |
| 906 ## - LOCAL DATA ELEMENT F, LDF (RLIN) | |
| a | 7 |
| b | cbc |
| c | orignew |
| d | 1 |
| e | ocip |
| f | 20 |
| g | y-gencatlg |
| 942 ## - ADDED ENTRY ELEMENTS (KOHA) | |
| Source of classification or shelving scheme | Library of Congress Classification |
| Koha item type | Books |
| Withdrawn status | Lost status | Source of classification or shelving scheme | Damaged status | Not for loan | Home library | Current library | Shelving location | Date acquired | Total Checkouts | Full call number | Barcode | Date last seen | Copy number | Price effective from | Koha item type |
|---|---|---|---|---|---|---|---|---|---|---|---|---|---|---|---|
| Library of Congress Classification | WISCONSIN INTERNATIONAL UNIVERSITY COLLEGE, GHANA - MAIN LIBRARY | WISCONSIN INTERNATIONAL UNIVERSITY COLLEGE, GHANA - MAIN LIBRARY | General Stacks | 21/05/2012 | HF5415.13.M369 | 2322/12 | 21/05/2012 | 1 | 21/05/2012 | Books | |||||
| Library of Congress Classification | WISCONSIN INTERNATIONAL UNIVERSITY COLLEGE, GHANA - MAIN LIBRARY | WISCONSIN INTERNATIONAL UNIVERSITY COLLEGE, GHANA - MAIN LIBRARY | General Stacks | 21/05/2012 | HF5415.13.M3691 | 2323/12 | 21/05/2012 | 2 | 21/05/2012 | Books | |||||
| Library of Congress Classification | WISCONSIN INTERNATIONAL UNIVERSITY COLLEGE, GHANA - MAIN LIBRARY | WISCONSIN INTERNATIONAL UNIVERSITY COLLEGE, GHANA - MAIN LIBRARY | General Stacks | 21/05/2012 | HF5415.13.M3692 | 2324/12 | 21/05/2012 | 3 | 21/05/2012 | Books | |||||
| Library of Congress Classification | WISCONSIN INTERNATIONAL UNIVERSITY COLLEGE, GHANA - MAIN LIBRARY | WISCONSIN INTERNATIONAL UNIVERSITY COLLEGE, GHANA - MAIN LIBRARY | General Stacks | 21/05/2012 | HF5415.13.M3693 | 2325/12 | 21/05/2012 | 4 | 21/05/2012 | Books |
